Loading...
| Science - Physics | 1 | 3 | 1 | 0 | 40 | 80 | 94.00 | 3 | 4 |
| Science - Other Science | 0 | 4 | 0 | 1 | 40 | 72 | 97.25 | 2 | 4 |
| Other - Geo/CE | 1 | 2 | 0 | 0 | 35 | 70 | 93.33 | 1 | 3 |
| Thought - Social Science | 1 | 2 | 0 | 0 | 35 | 55 | 93.67 | 1 | 3 |
| Other - Pop Culture | 1 | 0 | 0 | 0 | 15 | 14 | 14.00 | 1 | 1 |
| Science - Biology | 0 | 2 | 1 | 1 | 15 | 114 | 121.00 | 0 | 2 |
| Science - Engineering | 0 | 2 | 1 | 0 | 15 | 115 | 123.50 | 0 | 2 |
| History - Other History | 0 | 1 | 0 | 0 | 10 | 82 | 82.00 | 1 | 1 |
| Arts - Painting | 0 | 1 | 0 | 0 | 10 | 85 | 85.00 | 0 | 1 |
| Thought - Philosophy | 0 | 1 | 0 | 0 | 10 | 95 | 95.00 | 1 | 1 |
| Science - Chemistry | 0 | 2 | 2 | 2 | 10 | 122 | 127.50 | 0 | 2 |
| Other - Other Academic | 0 | 2 | 2 | 0 | 10 | 78 | 90.50 | 1 | 2 |
| Arts - Other Arts | 0 | 1 | 1 | 0 | 5 | 111 | 111.00 | 0 | 1 |
| Literature - American Lit | 0 | 0 | 0 | 0 | 0 | 0.00 | 0 | 0 | |
| Arts - Music | 0 | 0 | 1 | 0 | -5 | 0.00 | 0 | 0 | |
| History - World History | 0 | 0 | 1 | 0 | -5 | 0.00 | 0 | 0 |